| 000 | 00480nam a2200181 a 4500 | ||
|---|---|---|---|
| 001 | 3804 | ||
| 003 | CDMR | ||
| 005 | 20130523191254.0 | ||
| 008 | 130130s1996||||||||||||||||||||||||||||d | ||
| 020 | _a8479353813 | ||
| 040 |
_aCDMR _bcat _cCPC LLEIDA |
||
| 100 | 1 |
_aBloch, Jean Richard _92689 |
|
| 245 | 1 | 0 |
_a¡ España ! ¡ España ! _cJean Richard Bloch |
| 260 |
_aLleida _c1996 _bPagès |
||
| 490 | 0 |
_aEl Fil d'Ariadna _v23 |
|
| 740 | 3 | _aUn intelectual en el siglo | |
| 942 |
_cMON _2ddc |
||
| 999 |
_c3804 _d3804 |
||